[Event "Niska Banja op"]
[Site "Niska Banja"]
[Date "2020.02.14"]
[Round "2"]
[White "Nikolic, Vojislav M"]
[Black "Nadj, Vanja"]
[Result "1/2-1/2"]
[WhiteElo "1646"]
[BlackElo "1907"]
[PlyCount "83"]
[EventDate "2020.02.13"]
[EventType "swiss"]
[EventRounds "7"]
[EventCountry "SRB"]
[SourceTitle "CBM 195 Extra"]
[Source "ChessBase"]
[SourceDate "2020.05.31"]
[SourceVersion "1"]
[SourceVersionDate "2020.05.31"]
[SourceQuality "1"]

1. e4 e5 2. f4 d5 3. exd5 exf4 4. Bb5+ c6 5. Qe2+ Qe7 6. dxc6 bxc6 7. Ba4 Be6 8. Nf3 g5 9. Ne5 Bd7 10. Nc3 Bg7 11. Nd3 Na6 12. Qxe7+ Nxe7 13. Ne4 h6 14. 0-0 0-0 15. c3 Bf5 16. Ndc5 Nxc5 17. Nxc5 Rac8 18. b4 Rfd8 19. Bb3 Nd5 20. a4 Nxb4 21. Ba3 Nc2 22. Bxc2 Bxc2 23. d4 Re8 24. Rfe1 Bf8 25. a5 Bd6 26. Kf2 Bf5 27. g4 Bxg4 28. Ne4 Rxe4 29. Rxe4 Bc7 30. Bc5 a6 31. Re7 Be6 32. Bb6 Bd6 33. Ra7 Bc4 34. Bc5 Bc7 35. Bb4 g4 36. Rg1 h5 37. Re1 Bd8 38. Be7 Bxa5 39. Re5 Bxc3 40. Rg5+ Kh7 41. Bf6 Rb8 42. Rc5 1/2-1/2